| 000 | 00421cam a2200169ua 4500 | ||
|---|---|---|---|
| 003 | OSt | ||
| 008 | 241231b |||||||| |||| 00| 0 eng d | ||
| 020 | _a81-224-0311-5 | ||
| 041 | _aeng | ||
| 082 |
_a621.366 _bSIR/CO |
||
| 100 |
_aSirohi, R S . _96669 |
||
| 245 | _aCourse of experiments with He-Ne LASER / | ||
| 250 | _a2 / | ||
| 260 |
_aNew Delhi : _bWiley Eastern Ltd , _c1991. |
||
| 300 | _a110 ; . | ||
| 942 | _cBK | ||
| 999 |
_c1392 _d1392 |
||